Mucuna bracteata- A super legume cover crop revisited (Record no. 63320)

MARC details
000 -LEADER
fixed length control field 01136nam a2200205Ia 4500
100 ## - MAIN ENTRY--AUTHOR NAME
Personal name Chiu S B
245 #0 - TITLE STATEMENT
Title Mucuna bracteata- A super legume cover crop revisited
260 ## - PUBLICATION, DISTRIBUTION, ETC. (IMPRINT)
Name of publisher Planter
Year of publication 2001
300 ## - PHYSICAL DESCRIPTION
Number of Pages 575-583
520 ## - SUMMARY, ETC.
Summary, etc This paper details a viable method of large-scale propagation of Mucuna bracteata (Mb) using single-node stem cuttings and documents the dry biomass production of Mb of 28mt/ha in the open and 13 mt/ha under 60-70 per cent shade of six-year oil palm. Huge amounts of nutrients were recycled through leaf litter, estimated at 531kg/ha and 263kg/ha of combined NPKMg nutrients in the open and under shade respectively, 75-83 per cent being nitrogen. The soil under Mb was enriched, particularly at 20-30 cm depth-organic carbon, total phosphorus, exchangable potassium and cation exchange capacity (CEC) were significantly improved.
650 ## - SUBJECT ADDED ENTRY--TOPICAL TERM
Topical Term Biomass
650 ## - SUBJECT ADDED ENTRY--TOPICAL TERM
Topical Term Legume species
650 ## - SUBJECT ADDED ENTRY--TOPICAL TERM
Topical Term Mucuna cracteata
650 ## - SUBJECT ADDED ENTRY--TOPICAL TERM
Topical Term Nutrient recycling
650 ## - SUBJECT ADDED ENTRY--TOPICAL TERM
Topical Term Stem cuttings
700 ## - ADDED ENTRY--PERSONAL NAME
Personal name Farida Emilia
700 ## - ADDED ENTRY--PERSONAL NAME
Personal name Siow Aloysius
942 ## - ADDED ENTRY ELEMENTS (KOHA)
Koha item type Journals
Holdings
Withdrawn status Lost status Damaged status Not for loan Home library Current library Shelving location Date acquired Serial Enumeration / chronology Koha item type
      Journals RRII Library RRII Library Botany 01/01/2021 Volume 77, Issue 907 Journals